Normal view
MARC view
- Borlasca, Héctor Adrián
Entry Nombre Personal
001 - NUMERO DE CONTROL
- campo de control: 51348
003 - IDENTIFICADOR DE NUMERO DE CONTROL
- campo de control: UPN
005 - FECHA Y HORA DE LA ÜLTIMA TRANSACCIÓN
- campo de control: 20240313141745.0
008 - DATOS DE LONGITUD FIJA
- campo de control de longitud fija: 240313|| acn||aabn | aaa d
040 ## - FUENTE DE CATALOGACIÓN
- Agencia original de catalogación: MX-MxUPN
- Lenguaje de catalogación: spa
- Agencia de transcripción: MX-MxUPN
100 1# - ENCABEZAMIENTO - NOMBRE PERSONAL
- Nombre personal: Borlasca, Héctor Adrián
374 ## - OCUPACIÓN
- Occupation: Ilustrador
670 ## - FUENTE EN LA QUE SE LOCALIZARON DATOS
- Cita de la fuente: Agustina se duerme, 2005:
- Información localizada: contracubierta (Ilustraciones: Borlasca, Héctor Adrián)
902 ## - CATALOGADOR
- Catalogador: MaríaRobles/130324
